आज़ाद - कथा, रूपान्तरकार प्रेमचंद (Record no. 1015904)

MARC details
000 -LEADER
fixed length control field 00944nam a2200253Ia 4500
003 - CONTROL NUMBER IDENTIFIER
control field OSt
005 - DATE AND TIME OF LATEST TRANSACTION
control field 20221005105448.0
008 - FIXED-LENGTH DATA ELEMENTS--GENERAL INFORMATION
fixed length control field 221004b |||||||| |||| 00| 0 urd d
037 ## - SOURCE OF ACQUISITION
Terms of availability Textual
040 ## - CATALOGING SOURCE
Original cataloging agency CRL
Transcribing agency CRL
Language of cataloging urd
041 ## - LANGUAGE CODE
Source of code urd
Language code of text/sound track or separate title urd
100 ## - MAIN ENTRY--PERSONAL NAME
Personal name सरशार, रतननाथ
245 #0 - TITLE STATEMENT
Title आज़ाद - कथा, रूपान्तरकार प्रेमचंद
246 ## - VARYING FORM OF TITLE
Title proper/short title Āज़ād - kathā, rūpāntarakār premachanda
260 ## - PUBLICATION, DISTRIBUTION, ETC.
Place of publication, distribution, etc. नई दिल्ली
Name of publisher, distributor, etc. भारतीय ग्रन्थ निकेतन भारत
Date of publication, distribution, etc. 2010
490 ## - SERIES STATEMENT
Volume/sequential designation भाग 1
942 ## - ADDED ENTRY ELEMENTS (KOHA)
Classification part O168,3M46,AK, 152Q0.1-.2
Koha item type Textual
Source of classification or shelving scheme
Holdings
Withdrawn status Lost status Damaged status Not for loan Home library Current library Date acquired Source of acquisition Cost, normal purchase price Serial Enumeration / chronology Total Checkouts Full call number Barcode Date last seen Cost, replacement price Price effective from Koha item type
        Central Library Central Library 2022-10-05 12954, 18/03/2011, Kitab Ghar 600.00 भाग 1   O168,3M46,AK 152Q0.1-.2 CL1430731 2022-10-05 600.00 2022-10-05 Textual
Copyright @ Delhi University Library System